La atención familiar según el diseño museográfico /
Gespeichert in:
| 1. Verfasser: | |
|---|---|
| Format: | Buch |
| Sprache: | Spanish |
| Tags: |
Tag hinzufügen
Keine Tags, Fügen Sie den ersten Tag hinzu!
|
MARC
| LEADER | 00000nam a22000007a 4500 | ||
|---|---|---|---|
| 003 | cru CIDCACS/IIS | ||
| 005 | 20170804134914.0 | ||
| 007 | ta | ||
| 008 | 170804s2016 cr |||p|r|||| 00| 0 spa d | ||
| 999 | |c 19544 |d 19544 | ||
| 040 | |c cru CIDCACS/IIS | ||
| 100 | 1 | |9 5098 |a Rodriguez Sánchez, Keilyn | |
| 245 | |a La atención familiar según el diseño museográfico / |c Keilyn Rodríguez Sánchez | ||
| 300 | |a páginas 11-31: |b tablas | ||
| 773 | 0 | |0 19529 |9 1076 |a Universidad de Costa Rica. |d San José, Costa Rica: Editorial de la Universidad de Costa Rica, ago. 1992- |o 17918 |t Reflexiones / | |
| 942 | |2 ddc |c PP | ||
